000 00196 a2200097 4500
001 49507
100 _aWilliams
245 _aWooden horse
260 _aLondon
_bCollins
_c
090 _c32037
_d32037
942 _aNUST-CAE
_cM
_c24489
999 _c284580
_d284580